| 000 | 01438nam0a22003131 4500 | ||
|---|---|---|---|
| 001 | v19\rc\2002578 | ||
| 005 | 20251118181419.3 | ||
| 035 | _a(NLR Aleph) 005089784 | ||
| 090 |
_a7284529 _c7284529 |
||
| 100 | _a20080811d1915 u y0rusy50 ca | ||
| 101 | 0 | _arus | |
| 102 | _aRU | ||
| 105 | _aa z ||||| | ||
| 200 | 1 |
_aКраткое руководство практической дезинфекции в условиях военного времени _fПрив.-доц. К.В. Караффа-Корбутт, врач для поруч. при нач. Сан. части армий Сев.-зап. фронта |
|
| 210 |
_aБрест-Литовск _aСлоним _aМинск _d[1915] |
||
| 215 |
_a[2], II, 62, III с. _cчерт. _d17 |
||
| 300 | _aНа 4 с. обл.: Печатано в Брест-Литовске, Слониме и Минске | ||
| 532 | 1 | 3 | _aКраткое руководство практической дезинфекции в условиях военного времени |
| 700 | 1 |
_aКараффа-Корбут _bК.В. _f1878- _gКазимир Викентьевич |
|
| 790 | 1 |
_aКорбут _bК.В. _f1878- _gКазимир Викентьевич |
|
| 801 | 0 |
_aRU _bNLR _gpsbo |
|
| 801 | 0 |
_aRU _bRuMoRGB _2psbo |
|
| 801 | 1 |
_aRU _bProSoft-M _2rusmarc |
|
| 852 |
_aNLR _j37.74.7.44 |
||
| 899 |
_aRuMoRGB _jW 452/244 |
||
| 899 |
_aRuMoRGB _jW 527/442 |
||
| 942 | _cBOOK | ||
| 980 | _aNB | ||